000 00997nam a2200301Ia 4500
001 B3994
003 IT-RoPAU
008 130308s9999 xx 000 0 und d
040 _aIT-RoPAU
040 _cIT-RoPAU
041 _aSPAGNOLO
100 _aFord Anibal
100 _gCodice Aut. SPICS: 38016
245 _aDesde la orilla de la ciencia. Acotaciones sobre identidad, informacion y proyecto cultural en una etapa de crisis
245 _bComunicacion Y Culturas populares En Latinoamerica
250 _a1a ed.
260 _aMEXICO
260 _bGustavo Gili
260 _c1987 [1° Ed.:1987 - Ed.Ling.Originale:1987]
300 _a"17 p. (prefazione: no ; testo: 17 [pagine: 171-187])"
500 _aDal Margine della Scienza. Annotazioni Sull'Identità, Informazione e progetto Culturale in un momento di Crisi.
650 _aSOCIOLOGIA DELLA COMUNICAZIONE SOCIALE
650 _eCodice materia Spics: 3806
942 _cBK
957 _71
999 _c44271
_d44271
999 _bSI
999 _g1